000 01011nam a2200241 a 4500
001 12907
003 BD-JhCC
005 20230602093128.0
008 230602s2020 bg a|||| |||| 000 0 ben d
020 _a9789848043486
035 _a(BD-JhCC)12907
040 _aBD-JhCC
_bben
_cBD-JhCC
082 _a530.76
_bCHO 2020
100 _aচক্রবর্তী, অজয়
245 _aফিজিক্স অলিম্পিয়াড :
_bপ্রস্তুতি, অনুশীলন, ব্যাখ্যা /
_cঅজয় চক্রবর্তী
260 _aঢাকা :
_bরফাত পাবলিকেশন,
_c২০২০.
300 _a১৫৬ পৃ.
_bচিত্রাবলী সংযোজিত,
_c২০ সেমি.
650 _91
_aPhysics -- Competitions.
650 _91
_aPhysics -- Problems, exercises, etc.
700 _4আহাম্মদ, ফয়েজ
_91
700 _4মাসুদ, জাহাঙ্গীর
_91
942 _2ddc
_cBK
_022
999 _c12907
_d12907